MARC

LEADER 00000nam0a2200000 4500
001 376048
005 20231102012804.0
020 |a RU  |b 86-70413 
035 |a (RuTPU)RU\TPU\retro\33488 
035 |a RU\TPU\book\304113 
090 |a 376048 
100 |a 20221221d1986 k y0rusy5003 ca 
101 0 |a rus 
102 |a RU 
105 |a a z 101zy 
200 1 |a Вариации космических лучей и исследование космоса  |f Академия наук СССР (АН СССР), Институт земного магнетизма, ионосферы и распространения радиоволн (ИЗМИРАН) ; отв. ред. Л. И. Дорман 
210 |a Москва  |c [Б. и.]  |d 1986 
215 |a 300 с.  |c ил. 
320 |a Библиогр. в конце докл. 
606 1 |a Космические лучи  |x Вариации  |2 stltpush  |3 (RuTPU)RU\TPU\subj\15852  |9 42058 
610 1 |a космическое пространство 
610 1 |a исследование 
610 1 |a солнечные космические лучи 
610 1 |a вспышки 
610 1 |a солнечные протоны 
610 1 |a задержка 
610 1 |a Солнце 
610 1 |a атмосфера 
610 1 |a Земля 
610 1 |a радиационные пояса 
610 1 |a частицы 
610 1 |a ускорение 
610 1 |a статистические механизмы 
610 1 |a межпланетные пространства 
610 1 |a солнечная активность 
675 |a 524.1  |z rus  |v 4 
702 1 |a Дорман  |b Л. И.  |g Лев Исаакович  |4 340 
712 0 2 |a Академия наук СССР (АН СССР)  |b Институт земного магнетизма, ионосферы и распространения радиоволн (ИЗМИРАН)  |2 stltpush  |3 (RuTPU)RU\TPU\col\12157 
801 0 |a RU  |b RuMRKP  |c 19950704  |g psbo 
801 1 |a RU  |b 63413507  |c 20150113 
801 2 |a RU  |b 63413507  |c 20221221  |g RCR 
942 |c BK